Mekong dòng sông nghẽn mạch : Ký sự

Cuốn sách bao gồm những hình ảnh và các trang bút ký sống động của tác giả viết về các chuyến đi "quan sát thực địa" từ Vân Nam Trung Quốc xuống các quốc gia Lào Thái Cam Bốt và Đồng Bằng Sông Cửu Long Việt Nam....

全面介绍

Đã lưu trong:
书目详细资料
主要作者: Ngô Thế Vinh
格式: 图书
语言:Vietnamese
出版: Tp. Hồ Chí Minh Giấy vụn 2007
主题:
标签: 添加标签
没有标签, 成为第一个标记此记录!
Thư viện lưu trữ: Thư viện Trường Đại học Nam Cần Thơ
LEADER 01038nam a22001817a 4500
001 NCT_79695
008 200513b xxu||||| |||| 00| 0 vie d
999 |c 3898  |d 3898 
082 0 4 |2 23rd ed.  |a 333.91  |b V312 
100 1 |a Ngô Thế Vinh 
245 1 0 |a Mekong dòng sông nghẽn mạch :  |b Ký sự  |c Ngô Thế Vinh 
260 |a Tp. Hồ Chí Minh  |b Giấy vụn  |c 2007 
300 |a 331 tr.  |b Minh họa  |c 21cm 
520 3 |a Cuốn sách bao gồm những hình ảnh và các trang bút ký sống động của tác giả viết về các chuyến đi "quan sát thực địa" từ Vân Nam Trung Quốc xuống các quốc gia Lào Thái Cam Bốt và Đồng Bằng Sông Cửu Long Việt Nam.  
653 |a Quản trị DV Du lịch và Lữ hành 
942 |2 ddc  |c BK 
952 |0 0  |1 0  |2 ddc  |4 0  |6 333_910000000000000_V312  |7 0  |9 19546  |a 000001  |b 000001  |d 2020-05-13  |o 333.91 V312  |p MD.17157  |r 2020-05-13  |w 2020-05-13  |y BK 
980 |a Thư viện Trường Đại học Nam Cần Thơ